SS Lazio Squad 2018-2019 - Statistics

General Stats
  • This quiz has been taken 18 times
  • The average score is 19 of 34
Answer Stats
# Position Nation Player % Correct
17 FW Italy Ciro Immobile
94%
10 MF Spain Luis Alberto
88%
1 GK Albania Thomas Strakosha
88%
77 MF Montenegro Adam Marušić
81%
20 FW Ecuador Felipe Caicedo
81%
21 MF Serbia Sergej Milinković-Savić
81%
33 DF Italy Francesco Acerbi
75%
5 DF Belgium Jordan Lukaku
75%
4 DF Spain Patric
75%
19 MF Bosnia and Herzegovina Senad Lulić
75%
26 DF Romania Ștefan Radu
75%
15 DF Angola Bastos
69%
11 FW Argentina Joaquín Correa
69%
6 MF Brazil Lucas Leiva
69%
22 DF Uruguay Martín Cáceres
69%
24 GK Belgium Silvio Proto
69%
- Coach Italy Simone Inzaghi
69%
32 MF Italy Danilo Cataldi
63%
8 DF Serbia Dušan Basta
63%
16 MF Italy Marco Parolo
56%
7 MF Kosovo Valon Berisha
56%
30 FW Portugal Pedro Neto
50%
14 DF Denmark Riza Durmisi
50%
3 DF Italy Luiz Felipe
44%
13 DF Brazil Wallace
44%
96 MF Italy Alessandro Murgia
31%
25 MF Croatia Milan Badelj
31%
28 MF Cameroon Joseph Minala
25%
66 MF Portugal Bruno Jordão
19%
23 GK Italy Guido Guerrieri
13%
87 FW Italy Cristiano Lombardi
6%
27 MF Italy Rômulo
6%
9 FW Italy Alessandro Rossi
0%
48 DF Italy Lorenzo Filippini
0%
No matching quizzes found
Score Distribution
Percent of People with Each Score
Percentile by Number Answered
Your Score History
You have not taken this quiz